[Event "XVIII Festival Conca della Presolana Magistrale"]
[Site "Bratto - Castione della Presolana ITA"]
[Date "1998.08.??"]
[Round "?"]
[White "Efimov, Igor"]
[Black "Soprano, Paolo"]
[Result "1/2-1/2"]
[WhiteElo "2530"]
[BlackElo "2028"]
[PlyCount "82"]
[EventDate "1998.08.22"]

1. e4 e6 2. d4 d5 3. Nc3 Nf6 4. e5 Nfd7 5. Nce2 c5 6. c3 Nc6 7. f4 f5 8. Nf3
Be7 9. Be3 O-O 10. g3 Rb8 11. Bg2 b5 12. O-O b4 13. Rf2 Ba6 14. Rc1 Bxe2 15.
Rxe2 c4 16. Nd2 Qc8 17. b3 bxc3 18. Rxc3 Bb4 19. Rc2 Bxd2 20. Rexd2 cxb3 21.
axb3 Qb7 22. g4 Ne7 23. Rc3 fxg4 24. Rdc2 Rfc8 25. Qxg4 Nf8 26. Bf2 Rxc3 27.
Rxc3 Rc8 28. Qf3 Rc6 29. Bh3 g6 30. Kg2 Qb4 31. Rxc6 Nxc6 32. f5 gxf5 33. Bxf5
Nxd4 34. Qg4+ Kf7 35. Bxd4 exf5 36. Qxf5+ Ke8 37. Bxa7 Qxb3 38. Qc8+ Kf7 39.
Qf5+ Ke8 40. Bf2 Qc4 41. Kg3 Qc6 1/2-1/2

[Event "XVIII Festival Conca della Presolana Magistrale"]
[Site "Bratto - Castione della Presolana ITA"]
[Date "1998.08.??"]
[Round "?"]
[White "Esposito, Luca"]
[Black "Battaggia, Piergiorgio"]
[Result "1/2-1/2"]
[WhiteElo "2200"]
[BlackElo "2070"]
[PlyCount "37"]
[EventDate "1998.08.22"]

1. d4 d5 2. Nf3 Nf6 3. Bf4 g6 4. e3 Bg7 5. Nbd2 O-O 6. c3 b6 7. h3 c5 8. Bd3
Nc6 9. O-O Bb7 10. Re1 Nd7 11. Bg5 Qc7 12. Bb5 e5 13. Rc1 a6 14. Ba4 b5 15. Bb3
c4 16. Bc2 e4 17. Nh2 Nd8 18. Bf4 Qc6 19. g4 1/2-1/2

[Event "XVIII Festival Conca della Presolana Magistrale"]
[Site "Bratto - Castione della Presolana ITA"]
[Date "1998.08.??"]
[Round "?"]
[White "Esposito, Luca"]
[Black "Belotti, Bruno"]
[Result "0-1"]
[WhiteElo "2200"]
[BlackElo "2430"]
[PlyCount "34"]
[EventDate "1998.08.22"]

1. c4 g6 2. Nc3 Bg7 3. g3 c5 4. Bg2 Nc6 5. e4 a6 6. Nge2 b5 7. cxb5 axb5 8.
Nxb5 Ba6 9. Nec3 Qa5 10. Bf1 Nf6 11. Bc4 Ne5 12. Qe2 O-O 13. O-O Nxc4 14. Qxc4
Rfb8 15. e5 Ne8 16. Qxc5 Bxb5 17. Nxb5 d6 0-1

[Event "XVIII Festival Conca della Presolana Magistrale"]
[Site "Bratto - Castione della Presolana ITA"]
[Date "1998.08.??"]
[Round "?"]
[White "Esposito, Luca"]
[Black "Lapiccirella, Mattia"]
[Result "1-0"]
[WhiteElo "2200"]
[BlackElo "2030"]
[PlyCount "97"]
[EventDate "1998.08.22"]

1. d4 Nf6 2. Nf3 g6 3. Bg5 Bg7 4. Nbd2 O-O 5. e4 d6 6. c3 c5 7. Be2 Nc6 8. d5
Nb8 9. O-O h6 10. Bh4 e6 11. Bc4 e5 12. b4 Nbd7 13. Qc2 Qc7 14. Rfc1 Nh5 15.
Ne1 f5 16. f3 Bf6 17. Bf2 Bg5 18. Rd1 b6 19. Bd3 Bxd2 20. Qxd2 f4 21. Bb5 Ndf6
22. Bc6 Rb8 23. a4 a5 24. Rab1 Ba6 25. Rb2 g5 26. Rdb1 g4 27. bxa5 bxa5 28. Bb5
Bc8 29. Qd3 gxf3 30. gxf3 Kh8 31. Bc6 Rxb2 32. Rxb2 Rg8+ 33. Kf1 Bh3+ 34. Ke2
Rb8 35. Rxb8+ Qxb8 36. Qb5 Qc7 37. Nd3 Bc8 38. Be8 Qa7 39. Bxh5 Ba6 40. Qc6
Nxh5 41. Qe8+ Kh7 42. Qxh5 Qb7 43. Qf5+ Kg7 44. Qg4+ Kh7 45. Bh4 Qb2+ 46. Kd1
Bxd3 47. Qf5+ Kg8 48. Qe6+ Kf8 49. Be7+ 1-0

[Event "XVIII Festival Conca della Presolana Magistrale"]
[Site "Bratto - Castione della Presolana ITA"]
[Date "1998.08.??"]
[Round "?"]
[White "Esposito, Luca"]
[Black "Ricci, Alfredo"]
[Result "1-0"]
[WhiteElo "2200"]
[BlackElo "1962"]
[PlyCount "33"]
[EventDate "1998.08.22"]

1. d4 e6 2. Nf3 Nf6 3. Bg5 c5 4. e3 Nc6 5. Nbd2 Be7 6. c3 O-O 7. Bd3 d5 8. Ne5
Nxe5 9. dxe5 Nd7 10. Bf4 Re8 11. h4 a6 12. Nf3 f6 13. Bxh7+ Kxh7 14. Ng5+ Kg8
15. Qh5 Nf8 16. Qf7+ Kh8 17. h5 1-0

[Event "XVIII Festival Conca della Presolana Magistrale"]
[Site "Bratto - Castione della Presolana ITA"]
[Date "1998.08.??"]
[Round "?"]
[White "Everet, Alexandro"]
[Black "Belotti, Bruno"]
[Result "1-0"]
[WhiteElo "2260"]
[BlackElo "2430"]
[PlyCount "137"]
[EventDate "1998.08.22"]

1. d4 Nf6 2. c4 c5 3. Nf3 cxd4 4. Nxd4 b6 5. Nc3 Bb7 6. f3 d6 7. e4 e6 8. Be3
Be7 9. Be2 O-O 10. O-O a6 11. Rc1 Nbd7 12. a3 Re8 13. Qe1 Rc8 14. Qf2 Qc7 15.
Rfd1 Qb8 16. h3 Bd8 17. Nb3 Bc7 18. Nd2 d5 19. Kh1 dxe4 20. Ndxe4 Bxe4 21. Nxe4
Nxe4 22. fxe4 Bg3 23. Qf3 Bd6 24. Qf2 a5 25. e5 Nxe5 26. Bxb6 Bc7 27. Bd4 Nc6
28. Bc3 Be5 29. Bf3 Bxc3 30. Rxc3 Ne5 31. c5 Nxf3 32. Rxf3 Re7 33. Rfd3 f6 34.
Qd2 Kf7 35. b4 Qb5 36. Rd7 Rce8 37. Qd3 Qxd3 38. R1xd3 axb4 39. axb4 Rxd7 40.
Rxd7+ Re7 41. Rd6 Rc7 42. Rd4 Ke7 43. Rc4 Kd7 44. b5 Rc8 45. Kg1 Rb8 46. Rb4
Rc8 47. Rd4+ Kc7 48. Rd6 e5 49. Kf2 Kb7 50. Rb6+ Ka7 51. Ra6+ Kb8 52. c6 Rc7
53. Ra2 f5 54. Rd2 g6 55. Rd5 e4 56. Ke3 Ka7 57. g4 Kb6 58. gxf5 gxf5 59. Rxf5
Re7 60. h4 h6 61. Rd5 Re8 62. h5 Ka5 63. c7 Rc8 64. Rc5 Kb6 65. Rc1 Kxb5 66.
Kxe4 Kb6 67. Kf5 Kb7 68. Kg6 Rg8+ 69. Kh7 1-0

[Event "XVIII Festival Conca della Presolana Magistrale"]
[Site "Bratto - Castione della Presolana ITA"]
[Date "1998.08.??"]
[Round "?"]
[White "Everet, Alexandro"]
[Black "Cazzaniga, Walter"]
[Result "1-0"]
[WhiteElo "2260"]
[BlackElo "2165"]
[PlyCount "73"]
[EventDate "1998.08.22"]

1. e4 e6 2. d4 d5 3. e5 c5 4. c3 Nc6 5. Nf3 Qb6 6. Bd3 Bd7 7. O-O cxd4 8. cxd4
Nxd4 9. Nxd4 Qxd4 10. Nc3 a6 11. Be3 Qxe5 12. Re1 Nf6 13. Rc1 Bc6 14. Ne2 Be7
15. Bf4 Qxb2 16. Rb1 Qa3 17. Nd4 Qc5 18. Be5 Rc8 19. Qf3 b5 20. Bf5 Bd7 21. Bd3
h6 22. Qg3 Rg8 23. h3 Ne4 24. Bxe4 dxe4 25. Nb3 Qb6 26. Rbd1 Bc6 27. Bc3 Bd5
28. Ba5 Qb7 29. Rc1 g5 30. Rxc8+ Qxc8 31. Rc1 Bc4 32. Nd2 Ba3 33. Qxa3 f5 34.
Qd6 Kf7 35. Qe5 Qd7 36. Nxc4 bxc4 37. Rxc4 1-0

[Event "XVIII Festival Conca della Presolana Magistrale"]
[Site "Bratto - Castione della Presolana ITA"]
[Date "1998.08.??"]
[Round "?"]
[White "Everet, Alexandro"]
[Black "Mauro, Alan"]
[Result "0-1"]
[WhiteElo "2260"]
[BlackElo "2260"]
[PlyCount "56"]
[EventDate "1998.08.22"]

1. d4 Nf6 2. c4 g6 3. Nc3 Bg7 4. e4 d6 5. Bd3 O-O 6. Nge2 e5 7. O-O exd4 8.
Nxd4 Nc6 9. Nce2 Re8 10. f3 Nxd4 11. Nxd4 c6 12. Nc2 d5 13. exd5 cxd5 14. cxd5
Nxd5 15. Kh1 a6 16. Rb1 Be6 17. Bd2 Rc8 18. b3 Nc3 19. Bxc3 Rxc3 20. Be2 Bf5
21. Rc1 Qxd1 22. Bxd1 Rec8 23. Rf2 Bf8 24. g4 Bh6 25. gxf5 Bxc1 26. Nb4 Rd8 27.
Rf1 a5 28. Nc2 Rxd1 0-1

[Event "XVIII Festival Conca della Presolana Magistrale"]
[Site "Bratto - Castione della Presolana ITA"]
[Date "1998.08.??"]
[Round "?"]
[White "Everet, Alexandro"]
[Black "Rossi, Carlo"]
[Result "0-1"]
[WhiteElo "2260"]
[BlackElo "2355"]
[PlyCount "58"]
[EventDate "1998.08.22"]

1. d4 Nf6 2. c4 c5 3. Nf3 cxd4 4. Nxd4 e5 5. Nc2 d5 6. cxd5 Bc5 7. Nc3 O-O 8.
e3 e4 9. h3 a6 10. g4 Re8 11. Bg2 h6 12. O-O Nbd7 13. f4 exf3 14. Qxf3 Ne5 15.
Qe2 Bd7 16. Bd2 b5 17. b4 Bd6 18. Rab1 Rc8 19. Rb3 Rc4 20. e4 a5 21. Ne3 axb4
22. Nxc4 bxc4 23. Rbb1 bxc3 24. Be3 Nd3 25. g5 Nxd5 26. Qh5 Nxe3 27. Qxf7+ Kh8
28. Rf6 Rf8 29. Rb8 Qxb8 0-1

[Event "XVIII Festival Conca della Presolana Magistrale"]
[Site "Bratto - Castione della Presolana ITA"]
[Date "1998.08.??"]
[Round "?"]
[White "Everet, Alexandro"]
[Black "Zinani, Alessandro"]
[Result "1-0"]
[WhiteElo "2260"]
[BlackElo "2145"]
[PlyCount "87"]
[EventDate "1998.08.22"]

1. e4 c6 2. d4 d5 3. e5 Bf5 4. Nf3 e6 5. Be2 Ne7 6. O-O Bg6 7. h3 Nf5 8. Kh1
Be7 9. Bf4 O-O 10. Nbd2 c5 11. c3 cxd4 12. g4 Nh4 13. Nxd4 Nc6 14. N2b3 Qb6 15.
Qd2 Nxd4 16. Nxd4 f6 17. Be3 Bc5 18. b4 Bxd4 19. Bxd4 Qc7 20. Qe3 fxe5 21. Bxe5
Qc6 22. b5 Qd7 23. f3 Bf7 24. Bd3 Bg6 25. Rad1 Bxd3 26. Rxd3 Qxb5 27. Bg3 Ng6
28. Qxe6+ Kh8 29. Qxd5 Qb2 30. Rf2 Qc1+ 31. Kg2 Rae8 32. Qd4 Re1 33. Rfd2 Rf1
34. Rd1 Rxd1 35. Rxd1 Qc2+ 36. Rd2 Qc1 37. h4 Ne7 38. h5 h6 39. Be5 Nc6 40. Qd6
Qxd2+ 41. Qxd2 Nxe5 42. Qd6 Re8 43. Qc7 Nd3 44. Qxb7 1-0

[Event "XVIII Festival Conca della Presolana Magistrale"]
[Site "Bratto - Castione della Presolana ITA"]
[Date "1998.08.??"]
[Round "?"]
[White "Eynard, Valdo"]
[Black "Oppici, Gabriele"]
[Result "1/2-1/2"]
[WhiteElo "2085"]
[BlackElo "2085"]
[PlyCount "112"]
[EventDate "1998.08.22"]

1. e4 Nc6 2. d4 e5 3. d5 Nce7 4. c4 Ng6 5. Nf3 Nf6 6. Nc3 Bb4 7. Bd3 Bxc3+ 8.
bxc3 d6 9. a4 a5 10. h3 b6 11. Be3 Nd7 12. Nd2 Nf4 13. Bf1 O-O 14. g3 Ng6 15.
h4 Nc5 16. h5 Ne7 17. g4 Bd7 18. Bxc5 bxc5 19. Bd3 Nc8 20. Bc2 Qg5 21. Rg1 Qf4
22. Qf3 Qxf3 23. Nxf3 Rb8 24. Kd1 Nb6 25. Nd2 Bc8 26. Bb3 Kh8 27. Kc2 Bd7 28.
Nf1 g6 29. Ne3 gxh5 30. gxh5 Rg8 31. Nf5 Bxf5 32. exf5 Rxg1 33. Rxg1 Rg8 34.
Rxg8+ Kxg8 35. h6 Kf8 36. Kd3 Ke7 37. Ke4 Kf6 38. f4 exf4 39. Kxf4 Nd7 40. Bd1
Nb6 41. Bb3 Nc8 42. Bc2 Ne7 43. Kg4 c6 44. dxc6 Nxc6 45. Kf4 Ne5 46. Bb3 Nd7
47. Bd1 Nb6 48. Bb3 d5 49. cxd5 c4 50. Bc2 Nxd5+ 51. Ke4 Nxc3+ 52. Kd4 Nxa4 53.
Bxa4 Kxf5 54. Bc2+ Kg5 55. Bxh7 f5 56. Bxf5 Kxh6 1/2-1/2

[Event "XVIII Festival Conca della Presolana Magistrale"]
[Site "Bratto - Castione della Presolana ITA"]
[Date "1998.08.??"]
[Round "?"]
[White "Eynard, Valdo"]
[Black "Ricci, Alfredo"]
[Result "0-1"]
[WhiteElo "2085"]
[BlackElo "1962"]
[PlyCount "112"]
[EventDate "1998.08.22"]

1. e4 c5 2. Nf3 d6 3. Bb5+ Bd7 4. Bxd7+ Qxd7 5. O-O e6 6. c3 Nf6 7. Re1 Nc6 8.
d4 cxd4 9. cxd4 d5 10. e5 Ne4 11. Ng5 Nxg5 12. Bxg5 Bb4 13. Re3 h6 14. Rh3 Be7
15. Be3 O-O-O 16. Nd2 Kb8 17. a4 Na5 18. Nb1 Rc8 19. Bd2 Nc4 20. Bc3 Qc7 21. a5
b6 22. b3 Nxa5 23. Bxa5 bxa5 24. Nc3 Bb4 25. Nb5 Qb6 26. Nd6 Rc7 27. Rd3 Rd8
28. Qg4 g6 29. Qf4 h5 30. h4 Bxd6 31. exd6 Qxd6 32. Qxd6 Rxd6 33. Rxa5 Rb6 34.
Kh2 Kb7 35. Kg3 Rb4 36. Kf4 Rc2 37. Kg3 Kb6 38. Ra3 a6 39. f3 Kb5 40. Kh3 a5
41. g4 a4 42. bxa4+ Rxa4 43. Rdb3+ Rb4 44. Rxb4+ Kxb4 45. Ra7 Kc4 46. Rxf7 Kxd4
47. Rf6 hxg4+ 48. fxg4 Ke5 49. Rxg6 d4 50. h5 d3 51. h6 Rc8 52. h7 Rh8 53. Rg7
d2 54. g5 d1=Q 55. g6 Qd8 56. Kg4 Qf6 0-1

[Event "XVIII Festival Conca della Presolana Magistrale"]
[Site "Bratto - Castione della Presolana ITA"]
[Date "1998.08.??"]
[Round "?"]
[White "Farago, Ivan"]
[Black "Gofshtein, Leonid D."]
[Result "1/2-1/2"]
[WhiteElo "2530"]
[BlackElo "2500"]
[PlyCount "113"]
[EventDate "1998.08.22"]

1. d4 d5 2. c4 c6 3. Nf3 Nf6 4. Nc3 a6 5. e3 b5 6. b3 Bg4 7. Be2 e6 8. O-O Be7
9. Bb2 O-O 10. Ne5 Bxe2 11. Nxe2 Qb6 12. cxd5 cxd5 13. Rc1 b4 14. Qd3 a5 15.
Rc2 Bd6 16. Rfc1 a4 17. bxa4 Rxa4 18. Qb3 Qa7 19. Nc6 Nxc6 20. Rxc6 Ne4 21.
R1c2 Ra6 22. Bc1 Rxc6 23. Rxc6 Qb8 24. g3 Rc8 25. Rxc8+ Qxc8 26. f3 Qa6 27. Qc2
Nf6 28. Kf2 Nd7 29. e4 dxe4 30. fxe4 Qb7 31. Bf4 e5 32. dxe5 Bxe5 33. Qc4 h6
34. Qd5 Qa7+ 35. Kf3 Bxf4 36. gxf4 Nf6 37. Qc4 Qa3+ 38. Kg2 g6 39. e5 Qa8+ 40.
Kg1 Ng4 41. e6 Qa7+ 42. Qd4 Qxa2 43. exf7+ Kxf7 44. Qxb4 h5 45. Qd4 Qe6 46. Ng3
Nf6 47. Nf1 Nd5 48. Qe5 Ke7 49. Kf2 Qxe5 50. fxe5 Ke6 51. h4 Kxe5 52. Kf3 Ne7
53. Ne3 Nf5 54. Ng2 Ke6 55. Ke4 Kf6 56. Kf4 Nd4 57. Ne3 1/2-1/2

[Event "XVIII Festival Conca della Presolana Magistrale"]
[Site "Bratto - Castione della Presolana ITA"]
[Date "1998.08.??"]
[Round "?"]
[White "Farago, Ivan"]
[Black "Menoni, Vincenzo"]
[Result "1-0"]
[WhiteElo "2530"]
[BlackElo "2285"]
[PlyCount "57"]
[EventDate "1998.08.22"]

1. d4 Nf6 2. c4 g6 3. Nc3 Bg7 4. e4 d6 5. Be2 O-O 6. Bg5 c5 7. d5 h6 8. Bf4 e6
9. dxe6 Bxe6 10. Qd2 Qb6 11. Nf3 Nc6 12. O-O Nd4 13. b3 Nxe2+ 14. Qxe2 Nh5 15.
Bd2 Rfe8 16. Qd3 Rad8 17. Rfe1 Qc6 18. Rad1 a6 19. h3 Qc8 20. Nd5 Kh7 21. Ba5
Bxd5 22. Bxd8 Nf4 23. Qd2 Nxh3+ 24. gxh3 Bxe4 25. Qf4 Bxf3 26. Qxf3 Rxd8 27.
Re7 Rd7 28. Rde1 f5 29. Qd5 1-0

[Event "XVIII Festival Conca della Presolana Magistrale"]
[Site "Bratto - Castione della Presolana ITA"]
[Date "1998.08.??"]
[Round "?"]
[White "Farina, Saverio"]
[Black "Alberton, Roberto"]
[Result "0-1"]
[WhiteElo "2170"]
[BlackElo "2140"]
[PlyCount "98"]
[EventDate "1998.08.22"]

1. d4 Nf6 2. c4 e6 3. a3 c5 4. e3 b6 5. Nc3 Bb7 6. d5 exd5 7. cxd5 g6 8. e4 d6
9. Bb5+ Nfd7 10. Nf3 a6 11. Bg5 f6 12. Bxd7+ Nxd7 13. Bf4 Ne5 14. Bxe5 fxe5 15.
h4 Bh6 16. h5 Qf6 17. Qb3 Qd8 18. Nd1 b5 19. Qc3 Kf7 20. Ne3 Bc8 21. b4 c4 22.
a4 Bd7 23. a5 Qf6 24. Ke2 Ke7 25. Rh2 Bf4 26. g3 Bxe3 27. Qxe3 Bg4 28. Rh4
Bxf3+ 29. Qxf3 Qxf3+ 30. Kxf3 g5 31. Rh2 Rac8 32. Ke2 c3 33. Kd1 Rc4 34. Kc2
Rxb4 35. Ra3 Rc8 36. Rxc3 Rxc3+ 37. Kxc3 Rxe4 38. f4 exf4 39. gxf4 gxf4 40. Kd3
Re5 41. Rc2 Kd7 42. Rg2 f3 43. Rf2 Rxd5+ 44. Ke4 Re5+ 45. Kf4 Rxh5 46. Rxf3 b4
47. Rg3 Rxa5 48. Rg7+ Kc6 49. Rxh7 b3 0-1

[Event "XVIII Festival Conca della Presolana Magistrale"]
[Site "Bratto - Castione della Presolana ITA"]
[Date "1998.08.??"]
[Round "?"]
[White "Farina, Saverio"]
[Black "Di Fonzo, Valerio"]
[Result "1/2-1/2"]
[WhiteElo "2170"]
[BlackElo "2215"]
[PlyCount "22"]
[EventDate "1998.08.22"]

1. d4 Nf6 2. c4 g6 3. Nc3 d5 4. e3 Bg7 5. Nf3 O-O 6. Be2 dxc4 7. Bxc4 c5 8. O-O
cxd4 9. exd4 Bg4 10. Be3 Nc6 11. h3 Bxf3 1/2-1/2

[Event "XVIII Festival Conca della Presolana Magistrale"]
[Site "Bratto - Castione della Presolana ITA"]
[Date "1998.08.??"]
[Round "?"]
[White "Farina, Saverio"]
[Black "Di Lazzaro, Gabriele"]
[Result "1-0"]
[WhiteElo "2170"]
[BlackElo "2005"]
[PlyCount "51"]
[EventDate "1998.08.22"]

1. d4 Nf6 2. c4 e6 3. a3 c5 4. e3 cxd4 5. exd4 d5 6. Nc3 Be7 7. Nf3 O-O 8. Bd3
dxc4 9. Bxc4 b6 10. O-O Bb7 11. Qe2 Nc6 12. Rd1 Na5 13. Ba2 Rc8 14. Ne5 Bxa3
15. Nxf7 Rxf7 16. Qxe6 Rcc7 17. bxa3 Kh8 18. Bg5 Qa8 19. Qh3 Rxc3 20. Qxc3 Ne4
21. Qe3 Rxf2 22. d5 Rf5 23. Qxe4 Rxg5 24. Rac1 Qd8 25. Rc7 Bc8 26. Qe7 1-0

[Event "XVIII Festival Conca della Presolana Magistrale"]
[Site "Bratto - Castione della Presolana ITA"]
[Date "1998.08.??"]
[Round "?"]
[White "Farina, Saverio"]
[Black "Farago, Ivan"]
[Result "0-1"]
[WhiteElo "2170"]
[BlackElo "2530"]
[PlyCount "68"]
[EventDate "1998.08.22"]

1. c4 Nf6 2. Nc3 e5 3. e3 Bb4 4. d4 exd4 5. exd4 O-O 6. Nf3 d5 7. Be2 dxc4 8.
O-O Be6 9. Ne5 h6 10. Nxc4 Nc6 11. Be3 Nd5 12. Nxd5 Qxd5 13. Rc1 Rad8 14. Bf3
Qb5 15. a4 Qf5 16. Bxc6 bxc6 17. Qc2 Qxc2 18. Rxc2 Bf5 19. Rcc1 Bd3 20. Ne5
Bxf1 21. Nxc6 Be2 22. Nxb4 Rb8 23. Bd2 a5 24. Re1 axb4 25. Rxe2 Rfd8 26. f3
Rxd4 27. Be3 Rc4 28. Kf2 b3 29. a5 c5 30. Bd2 Rc2 31. Bf4 Rb4 32. Be5 Rb5 33.
Bc7 Rb7 34. Bb6 Re7 0-1

[Event "XVIII Festival Conca della Presolana Magistrale"]
[Site "Bratto - Castione della Presolana ITA"]
[Date "1998.08.??"]
[Round "?"]
[White "Ferretti, Folco"]
[Black "Barberi, Alessandro"]
[Result "1/2-1/2"]
[WhiteElo "2265"]
[BlackElo "2160"]
[PlyCount "119"]
[EventDate "1998.08.22"]

1. c4 g6 2. Nc3 Bg7 3. g3 e5 4. Bg2 Ne7 5. d3 O-O 6. e3 c6 7. Nge2 d6 8. O-O a5
9. Rb1 Na6 10. a3 Rb8 11. d4 b5 12. b3 b4 13. Na4 Be6 14. axb4 axb4 15. e4 Qc7
16. c5 dxc5 17. Nxc5 Nxc5 18. dxc5 Rfd8 19. Qc2 Ra8 20. f4 Qd7 21. fxe5 Bxe5
22. Bg5 h6 23. Bxh6 Qd3 24. Qxd3 Rxd3 25. Bg5 Kf8 26. Bf4 Bg7 27. Rf3 Rxf3 28.
Bxf3 Ra3 29. Bd2 Rxb3 30. Rxb3 Bxb3 31. Bxb4 Ke8 32. Kf2 Kd7 33. Ke3 Bc4 34.
Nf4 Ng8 35. Be2 Bb3 36. Bg4+ Kc7 37. Ba5+ Kb7 38. Kd3 Nf6 39. Bh3 Ka6 40. Bc3
Kb5 41. Bd4 Bc4+ 42. Ke3 g5 43. Nd3 g4 44. Bxf6 Bxf6 45. Bxg4 Bxd3 46. Kxd3 Be5
47. Bh5 f6 48. Ke3 Kxc5 49. Kf3 Kd6 50. Kg4 Ke6 51. Be8 c5 52. Bb5 Kf7 53. Bc4+
Kg6 54. Be6 Bd6 55. h4 Be5 56. Bc4 Bd6 57. Be2 Kh6 58. h5 Be5 59. Kf5 Bxg3 60.
Kxf6 1/2-1/2

[Event "XVIII Festival Conca della Presolana Magistrale"]
[Site "Bratto - Castione della Presolana ITA"]
[Date "1998.08.??"]
[Round "?"]
[White "Ferretti, Folco"]
[Black "Battaggia, Piergiorgio"]
[Result "1-0"]
[WhiteElo "2265"]
[BlackElo "2070"]
[PlyCount "33"]
[EventDate "1998.08.22"]

1. c4 Nf6 2. Nc3 e6 3. e4 c5 4. e5 Ng8 5. d4 cxd4 6. Qxd4 Nc6 7. Qe4 d6 8. Nf3
dxe5 9. Nxe5 Nxe5 10. Qxe5 Qd6 11. Qb5+ Qd7 12. Be2 Nf6 13. O-O Be7 14. Rd1
Qxb5 15. Nxb5 O-O 16. Be3 Bd7 17. Nxa7 1-0

[Event "XVIII Festival Conca della Presolana Magistrale"]
[Site "Bratto - Castione della Presolana ITA"]
[Date "1998.08.??"]
[Round "?"]
[White "Ferretti, Folco"]
[Black "Gofshtein, Leonid D."]
[Result "0-1"]
[WhiteElo "2265"]
[BlackElo "2500"]
[PlyCount "80"]
[EventDate "1998.08.22"]

1. e4 c5 2. c3 b6 3. d4 Bb7 4. Bd3 cxd4 5. cxd4 Nc6 6. Nf3 Nb4 7. Bc4 Rc8 8.
Ne5 e6 9. a3 b5 10. axb4 bxc4 11. Rxa7 Qb6 12. Qa4 Nf6 13. O-O Bd6 14. Bg5 Bxe5
15. dxe5 Ng4 16. Nc3 Nxe5 17. Be3 Qc6 18. Qxc6 Bxc6 19. b5 Ba8 20. f4 Nd3 21.
Rfa1 Ke7 22. Bb6 Nxf4 23. Bc7 Nd3 24. e5 Rxc7 25. Rxc7 Nxe5 26. Rca7 Bd5 27.
Rd1 Nd3 28. b3 Rb8 29. Nxd5+ exd5 30. bxc4 dxc4 31. Rc7 Kd8 32. Ra7 Rxb5 33.
Ra8+ Kc7 34. Rg8 g6 35. Rg7 Rd5 36. Rxf7 c3 37. Rf2 Nxf2 38. Rxd5 Kc6 39. Rd4
d5 40. Ra4 c2 0-1

[Event "XVIII Festival Conca della Presolana Magistrale"]
[Site "Bratto - Castione della Presolana ITA"]
[Date "1998.08.??"]
[Round "?"]
[White "Ferretti, Folco"]
[Black "Lapiccirella, Mattia"]
[Result "1-0"]
[WhiteElo "2265"]
[BlackElo "2030"]
[PlyCount "59"]
[EventDate "1998.08.22"]

1. c4 Nf6 2. Nc3 g6 3. g3 Bg7 4. Bg2 O-O 5. Nf3 d6 6. O-O e5 7. d3 Nc6 8. Rb1
a5 9. a3 h6 10. b4 axb4 11. axb4 Be6 12. b5 Ne7 13. Qb3 Qd7 14. Ba3 Ne8 15.
Rfc1 f5 16. Nd2 Rb8 17. Nd5 Nf6 18. Ra1 c6 19. Nxe7+ Qxe7 20. Bb2 Qc7 21. d4
exd4 22. Bxd4 Ne4 23. Qe3 Bxd4 24. Qxd4 Nxd2 25. Qxd2 Kh7 26. bxc6 bxc6 27. Ra6
Rb6 28. Rxb6 Qxb6 29. Qxd6 Qb2 30. Rf1 1-0

[Event "XVIII Festival Conca della Presolana Magistrale"]
[Site "Bratto - Castione della Presolana ITA"]
[Date "1998.08.??"]
[Round "?"]
[White "Ferretti, Folco"]
[Black "Marchini, Massimo"]
[Result "1-0"]
[WhiteElo "2265"]
[BlackElo "2195"]
[PlyCount "41"]
[EventDate "1998.08.22"]

1. e4 d6 2. d4 Nf6 3. Nc3 g6 4. g3 Bg7 5. Bg2 O-O 6. Nge2 c6 7. a4 Nbd7 8. O-O
e5 9. h3 Re8 10. Be3 Qe7 11. g4 exd4 12. Bxd4 h5 13. g5 Nh7 14. f4 f6 15. f5
Ne5 16. Nf4 fxg5 17. Nxg6 Nxg6 18. fxg6 Nf6 19. Bxf6 Bxf6 20. Qxh5 Be6 21. Rxf6
1-0

[Event "XVIII Festival Conca della Presolana Magistrale"]
[Site "Bratto - Castione della Presolana ITA"]
[Date "1998.08.??"]
[Round "?"]
[White "Giretti Kanev, Jasen"]
[Black "Lantini, Marco"]
[Result "1-0"]
[WhiteElo "2150"]
[BlackElo "2145"]
[PlyCount "55"]
[EventDate "1998.08.22"]

1. c4 Nf6 2. Nc3 e5 3. g3 d5 4. cxd5 Nxd5 5. Bg2 Nb6 6. d3 Be7 7. Nf3 Nc6 8.
O-O O-O 9. Be3 Be6 10. Rc1 f6 11. Ne4 Nd4 12. Bxd4 exd4 13. Qc2 Rc8 14. Nc5 Bd5
15. Nxd4 Bxg2 16. Nde6 Qd5 17. e4 Qc6 18. Kxg2 Bxc5 19. Qb3 Qa4 20. Nxc5+ Qxb3
21. axb3 Rfd8 22. Rfd1 Rb8 23. Ne6 Rd6 24. Nxc7 Rbd8 25. Rc3 a6 26. f4 R8d7 27.
Kf3 Kf7 28. e5 1-0

[Event "XVIII Festival Conca della Presolana Magistrale"]
[Site "Bratto - Castione della Presolana ITA"]
[Date "1998.08.??"]
[Round "?"]
[White "Giretti Kanev, Jasen"]
[Black "Mione, Dario"]
[Result "1/2-1/2"]
[WhiteElo "2150"]
[BlackElo "2300"]
[PlyCount "111"]
[EventDate "1998.08.22"]

1. e4 e6 2. Nc3 d5 3. g3 dxe4 4. Nxe4 Bd7 5. Bg2 Bc6 6. Kf1 Nf6 7. Nxf6+ Qxf6
8. Nf3 Bc5 9. c3 e5 10. d4 exd4 11. Qe2+ Qe7 12. Qxe7+ Kxe7 13. b4 Bb6 14. Nxd4
Bxd4 15. cxd4 Rd8 16. Bb2 f6 17. Bc3 Rd7 18. f3 a6 19. Kf2 Bd5 20. a4 c6 21. h4
Kf7 22. Rhe1 Rd8 23. Re3 Nd7 24. Rae1 Re8 25. Bh3 Nb6 26. Rxe8 Rxe8 27. Rxe8
Kxe8 28. a5 Nc4 29. Bf5 g6 30. Bd3 Kf7 31. g4 Nd6 32. Ke3 Bc4 33. Bc2 Ke6 34.
h5 f5 35. gxf5+ Nxf5+ 36. Kf4 Ne7 37. Kg5 gxh5 38. Bxh7 Be2 39. Be1 Nd5 40. Bd2
Bd1 41. Be1 Ne3 42. Bd2 Nc2 43. Bf5+ Kd5 44. Bxc2 Bxc2 45. f4 Kxd4 46. f5 c5
47. f6 Bb3 48. Kxh5 Bf7+ 49. Kh6 c4 50. Kg7 Bd5 51. f7 Bxf7 52. Kxf7 c3 53. Bf4
Kc4 54. Ke6 Kxb4 55. Kd6 Kxa5 56. Kc5 1/2-1/2

[Event "XVIII Festival Conca della Presolana Magistrale"]
[Site "Bratto - Castione della Presolana ITA"]
[Date "1998.08.??"]
[Round "?"]
[White "Giretti Kanev, Jasen"]
[Black "Ragonese, Lucio Rosario"]
[Result "1/2-1/2"]
[WhiteElo "2150"]
[BlackElo "2035"]
[PlyCount "36"]
[EventDate "1998.08.22"]

1. e4 c6 2. Nc3 d5 3. Nf3 dxe4 4. Nxe4 Nd7 5. Bc4 Ngf6 6. Neg5 e6 7. Qe2 Nd5 8.
O-O Be7 9. d3 O-O 10. Bxd5 exd5 11. Re1 Bf6 12. h4 Nb6 13. a4 Bg4 14. a5 Nd7
15. Ra4 Ne5 16. Rb4 b5 17. axb6 axb6 18. Qe3 Re8 1/2-1/2

[Event "XVIII Festival Conca della Presolana Magistrale"]
[Site "Bratto - Castione della Presolana ITA"]
[Date "1998.08.??"]
[Round "?"]
[White "Godena, Michele"]
[Black "Braghetta, Sergio"]
[Result "1-0"]
[WhiteElo "2510"]
[BlackElo "2235"]
[PlyCount "55"]
[EventDate "1998.08.22"]

1. e4 c5 2. Nf3 d6 3. Bc4 Nc6 4. c3 Nf6 5. d3 e6 6. Bb3 Be7 7. O-O O-O 8. Re1
b6 9. Nbd2 Ba6 10. Nf1 Rc8 11. Bf4 Nd7 12. Qe2 Nde5 13. Rad1 Bf6 14. h3 Nxf3+
15. Qxf3 b5 16. a3 Bb7 17. Nh2 a5 18. Ng4 Bg5 19. d4 Bxf4 20. Qxf4 cxd4 21.
cxd4 h5 22. Nh6+ Kh7 23. Nxf7 Qe7 24. Bxe6 Nd8 25. Ng5+ Kh6 26. Nf7+ Kh7 27.
Bf5+ Kg8 28. Nxd6 1-0